Salles de cours MMI Laval - Statistiques

Statistiques générales
  • Ce quiz a été pris 44 fois
  • Le résultat moyen est 10 sur 13
Statistiques - réponses
Réponse % Correct
TD1
93%
Java
87%
Rock
87%
Tango
87%
TD2
87%
TD4
87%
Hip hop
80%
Mambo
80%
N'roll
80%
Salsa
80%
Samba
73%
Tecktonik
73%
Fox
53%
Aucun quiz correspondant
Distribution des résultats
% des personnes avec chaque résultat
Percentile par nombre de réponses
Votre historique - résultats
Vous n’avez pas pris ce quiz